Aerobic tenis

Guardat en:
Dades bibliogràfiques
Autor principal: Wright, Bill (Autor)
Format: Llibre
Idioma:espanyol
Publicat: Barcelona Paidotribo 1991
Col·lecció:Colección iniciación deportiva
Matèries:
Etiquetes: Afegir etiqueta
Sense etiquetes, Sigues el primer a etiquetar aquest registre!

MARC

LEADER 00000nam a2200000 a 4500
001 UCW7861
003 CL-VaPUC
008 930923e19910000SP |||||||||||||||||spa|d
082 0 4 |a 796.342  |b WRI  |2 21 
100 0 |a Wright, Bill  |e author  |9 313079 
245 1 0 |a Aerobic tenis 
300 |a 184 p 
942 |c BK 
945 |d 19930923 00:00:00 
260 |a Barcelona  |b Paidotribo  |c 1991 
650 0 |a Tenis  |9 308192 
583 |a last modification  |c 19930923 00:00:00  |k Rodrigo Vera 
490 0 |a Colección iniciación deportiva 
999 |c 220502  |d 220500 
952 |0 0  |1 0  |4 0  |6 796_342000000000000_WRI_1991  |7 0  |8 A  |9 212818  |a BIBEDU  |b BIBEDU  |d 2019-11-15  |i 2809885  |o 796.342 WRI 1991  |p 2809885  |r 2019-11-15  |w 2019-11-15  |y BK  |k EDU